MARC details
| 000 -CABECERA |
| campo de control de longitud fija |
04187nam a22004333i 4500 |
| 001 - NÚMERO DE CONTROL |
| campo de control |
991107623310006196 |
| 005 - FECHA Y HORA DE LA ÚLTIMA TRANSACCIÓN |
| campo de control |
20260303114626.0 |
| 006 - CÓDIGOS DE INFORMACIÓN DE LONGITUD FIJA--CARACTERÍSTICAS DEL MATERIAL ADICIONAL |
| campo de control de longitud fija |
m d |
| 007 - CAMPO FIJO DE DESCRIPCIÓN FÍSICA--INFORMACIÓN GENERAL |
| campo de control de longitud fija |
cr cnu|||||||| |
| 008 - DATOS DE LONGITUD FIJA--INFORMACIÓN GENERAL |
| campo de control de longitud fija |
251002s2025 xx o ||||0 eng d |
| 020 ## - NÚMERO INTERNACIONAL ESTÁNDAR DEL LIBRO |
| Número Internacional Estándar del Libro |
9781350064218 |
| 024 7# - IDENTIFICADOR DE OTROS ESTÁNDARES |
| Número estándar o código |
10.5040/9781350064249 |
| Fuente del número o código |
doi |
| 035 ## - NÚMERO DE CONTROL DEL SISTEMA |
| Número de control de sistema |
(MiAaPQ)EBC32322430 |
| 035 ## - NÚMERO DE CONTROL DEL SISTEMA |
| Número de control de sistema |
(Au-PeEL)EBL32322430 |
| 035 ## - NÚMERO DE CONTROL DEL SISTEMA |
| Número de control de sistema |
(CKB)41496930900041 |
| 035 ## - NÚMERO DE CONTROL DEL SISTEMA |
| Número de control de sistema |
(OCoLC)1543220870 |
| 035 ## - NÚMERO DE CONTROL DEL SISTEMA |
| Número de control de sistema |
(OCoLC)1520506347 |
| 035 ## - NÚMERO DE CONTROL DEL SISTEMA |
| Número de control de sistema |
(UkLoBP)BP9781350064249BC |
| 035 ## - NÚMERO DE CONTROL DEL SISTEMA |
| Número de control de sistema |
(EXLCZ)9941496930900041 |
| 040 ## - FUENTE DE LA CATALOGACIÓN |
| Centro catalogador/agencia de origen |
BLOOM |
| Lengua de catalogación |
eng |
| Normas de descripción |
rda |
| Centro/agencia transcriptor |
BLOOM |
| Centro/agencia modificador |
UtOrBLW |
| 041 ## - CÓDIGO DE LENGUA |
| Código de lengua del texto/banda sonora o título independiente |
English |
| 050 #4 - SIGNATURA TOPOGRÁFICA DE LA BIBLIOTECA DEL CONGRESO |
| Número de clasificación |
HB841 |
| Número de documento/Ítem |
.L89 2025 |
| 245 10 - MENCIÓN DE TÍTULO |
| Título |
Luxury and the Senses |
| Resto del título |
: Past, Present, and Future. |
| 250 ## - MENCIÓN DE EDICIÓN |
| Mención de edición |
First edition. |
| 264 #1 - PRODUCCIÓN, PUBLICACIÓN, DISTRIBUCIÓN, FABRICACIÓN Y COPYRIGHT |
| Producción, publicación, distribución, fabricación y copyright |
London : |
| Nombre del de productor, editor, distribuidor, fabricante |
Bloomsbury Visual Arts, |
| Fecha de producción, publicación, distribución, fabricación o copyright |
2025. |
| 300 ## - DESCRIPCIÓN FÍSICA |
| Extensión |
218 pages |
| 504 ## - NOTA DE BIBLIOGRAFÍA, ETC. |
| Nota de bibliografía, etc. |
Includes bibliographical references and index. |
| 505 0# - NOTA DE CONTENIDO CON FORMATO |
| Nota de contenido con formato |
Luxury and the Senses: Past, Present and Future — Bibliography — 1 MULTISENSORY LUXURY CONSUMPTION — Background of Luxury — History of Consumption — Luxury and Consumption — Motivations of Luxury Consumers — Hedonic Consumption and Luxury — Marketing and Its Relationships with the Senses — Visual — Sound — Olfactory — Touch — Taste — Sensory Marketing — The Digital Multisensory Luxury Experience — The Sensory Future of the Luxury Consumer — Future Sensory Engagement — Bibliography — 2 SENSORY DECEPTION AND MANIPULATION IN ANCIENT ARISTOCRATIC BANQUETS — Dining as a Marker of Moral Behaviour amongst Elites — Comparative Practices in Modern Dining: Molecular Gastronomy — The Futurist Cookbook — Dining with the Emperors — The 'Black Banquet' of Domitian — Dining with Elagabalus: Dining as Theatrical Performance — The Saturnalia — Bibliography — 3 THE LUXURY OF COLOURS — From Sensation to Perception and Beyond — Individual Differences — Colours as They Appear — Individual Differences Again: #TheDress — Colour Symbolism — The Luxury of Colours — The Cost of Colours — Sumptuary Laws — The Colours of Luxury — Colour Marketing and Colour Branding — Conclusion — Notes — Bibliography — 4 SENSES AND TRIGGERS A Journey through the Senses — So What Really Happens? — Sight — Auditory Experiences and Triggers — Taste — Taste and Luxury — Smells and Olfaction — How Can All This Information Be Used by Marketers? — The Sense of Touch — Touch and Humans — Summary — Bibliography — 5 FUTURE OF THE SENSES — Sensorial Marketing: The Senses — A New Consumer — Emotions and Experience. |
| 520 ## - SUMARIO, ETC. |
| Sumario, etc. |
Luxury has long been seen as an expensive, elegant indulgence. However, the history of its relationship with the bodily senses has never been fully explored. Examining luxury from an experiential perspective, this book moves away from the traditional focus on luxury goods, marketing and promotion, and looks instead at the sensory evolution of luxury through time.<br/><br/>Bringing together a range of international experts in the field, Luxury and the Senses traces the history of luxury from the over-indulgent banquets of Roman antiquity to the modern swimming pools of Southern California. The book surveys the importance of sensory triggers like scent, taste and texture to our experience of luxury, while looking at questions of gender, branding and marketing through the lens of fashion and consumption.<br/><br/>With case studies which range from perfume making to digital technologies, the book delves into the influence of luxury brands, and the new possibilities opened by technology and virtual reality. Highlighting the emotional and sensuous aspects of creating and consuming luxury goods and services, this is essential reading for scholars of fashion, luxury studies, and brand management. |
| 650 #0 - PUNTO DE ACCESO ADICIONAL DE MATERIA--TÉRMINO DE MATERIA |
| Término de materia o nombre geográfico como elemento de entrada |
Fashion |
| 9 (RLIN) |
1004 |
| 650 #0 - PUNTO DE ACCESO ADICIONAL DE MATERIA--TÉRMINO DE MATERIA |
| Término de materia o nombre geográfico como elemento de entrada |
Consumerism |
| 9 (RLIN) |
1003 |
| 650 #0 - PUNTO DE ACCESO ADICIONAL DE MATERIA--TÉRMINO DE MATERIA |
| Término de materia o nombre geográfico como elemento de entrada |
Fashion design |
| 9 (RLIN) |
9703 |
| 650 #0 - PUNTO DE ACCESO ADICIONAL DE MATERIA--TÉRMINO DE MATERIA |
| Término de materia o nombre geográfico como elemento de entrada |
Fashion & beauty industries |
| 9 (RLIN) |
25472 |
| 650 #0 - PUNTO DE ACCESO ADICIONAL DE MATERIA--TÉRMINO DE MATERIA |
| Término de materia o nombre geográfico como elemento de entrada |
Luxury |
| 9 (RLIN) |
8163 |
| 650 #0 - PUNTO DE ACCESO ADICIONAL DE MATERIA--TÉRMINO DE MATERIA |
| Término de materia o nombre geográfico como elemento de entrada |
Consumption (Economics) |
| 9 (RLIN) |
9134 |
| 700 ## - ENTRADA AGREGADA--NOMBRE PERSONAL |
| Nombre de persona |
Dhillon, Yasmin K. Sekhon, |
| Término indicativo de función/relación |
editor. |
| 9 (RLIN) |
26745 |
| 700 ## - ENTRADA AGREGADA--NOMBRE PERSONAL |
| Nombre de persona |
Norman, Jo, |
| Término indicativo de función/relación |
editor. |
| 9 (RLIN) |
26746 |
| 942 ## - ELEMENTOS DE ENTRADA AGREGADA (KOHA) |
| Fuente del sistema de clasificación o colocación |
Clasificación de Library of Congress |